00620nam a22001817a 450000500170000001000170001702000260003403500170006003700240007708200110010110000160011224500800012826000690020827000820027730000310035949000240039070000240041420120119120134.0 aB-468580-605 a9788179931356c150.00 aB-468580-605 adplbBlue Berry/Ven a333.92 aSen, Banita aEnergy from the gust of wind /cby Banita Sen; edited by Madhu Singh Sirohi aNew DelhibThe Energy and Resources Institute, TERI Press,c2009 aDarbari Seth Block, IHC Complex, Lodhi RoadbNew Delhie110003k26482100/4150 a30 pbill (col)c26cm (Hb) aSuper-powered earth aSirohi, Madhu Singh